Welcome to WEB OPAC of MRSPTU Central Library

Enterprise resource planning (Record no. 6006)

MARC details
000 -LEADER
fixed length control field 00413nam a2200169Ia 4500
008 - FIXED-LENGTH DATA ELEMENTS--GENERAL INFORMATION
fixed length control field 230711s9999||||xx |||||||||||||| ||und||
020 ## - INTERNATIONAL STANDARD BOOK NUMBER
International Standard Book Number 978-81-317-0240-6
041 ## - LANGUAGE CODE
Language code of text/sound track or separate title ENG
082 ## - DEWEY DECIMAL CLASSIFICATION NUMBER
Classification number 658.401
Item number SU-E
100 ## - MAIN ENTRY--PERSONAL NAME
Personal name Sumner,Mary
245 #0 - TITLE STATEMENT
Title Enterprise resource planning
250 ## - EDITION STATEMENT
Edition statement 1st . Ed.
260 ## - PUBLICATION, DISTRIBUTION, ETC.
Date of publication, distribution, etc. 2006
Place of publication, distribution, etc. New Delhi
Name of publisher, distributor, etc. Pearson
300 ## - PHYSICAL DESCRIPTION
Extent 185p.
650 ## - SUBJECT ADDED ENTRY--TOPICAL TERM
Topical term or geographic name entry element UNIVESITY BUSNIESS SCHOOL
942 ## - ADDED ENTRY ELEMENTS (KOHA)
Koha item type Book
Holdings
Withdrawn status Lost status Damaged status Not for loan Collection Home library Current library Date acquired Cost, normal purchase price Inventory number Total checkouts Full call number Barcode Date last seen Price effective from Koha item type
          MRSPTU Central Library MRSPTU Central Library   549.00 3642517   658.401 SU-E 32669 08/17/2023 08/17/2023 Book
          MRSPTU Central Library MRSPTU Central Library   549.00 3642517   658.401 SU-E 32670 08/17/2023 08/17/2023 Book
          MRSPTU Central Library MRSPTU Central Library   549.00 3642517   658.401 SU-E 32671 08/17/2023 08/17/2023 Book
          MRSPTU Central Library MRSPTU Central Library   549.00 3642517   658.401 SU-E 32672 08/17/2023 08/17/2023 Book
          MRSPTU Central Library MRSPTU Central Library   549.00 3642517   658.401 SU-E 32673 08/17/2023 08/17/2023 Book
          MRSPTU Central Library MRSPTU Central Library   549.00 3642517   658.401 SU-E 32674 08/17/2023 08/17/2023 Book
          MRSPTU Central Library MRSPTU Central Library   549.00 3642517   658.401 SU-E 32675 08/17/2023 08/17/2023 Book
          MRSPTU Central Library MRSPTU Central Library   549.00 3642517   658.401 SU-E 32676 08/17/2023 08/17/2023 Book
          MRSPTU Central Library MRSPTU Central Library   549.00 3642517   658.401 SU-E 32677 08/17/2023 08/17/2023 Book
          MRSPTU Central Library MRSPTU Central Library   549.00 3642517   658.401 SU-E 32678 08/17/2023 08/17/2023 Book
          MRSPTU Central Library MRSPTU Central Library   549.00 3642517   658.401 SU-E 32679 08/17/2023 08/17/2023 Book
          MRSPTU Central Library MRSPTU Central Library   549.00 3642517   658.401 SU-E 32680 08/17/2023 08/17/2023 Book
          MRSPTU Central Library MRSPTU Central Library   549.00 3642517   658.401 SU-E 32681 08/17/2023 08/17/2023 Book
          MRSPTU Central Library MRSPTU Central Library   549.00 3642517   658.401 SU-E 32682 08/17/2023 08/17/2023 Book
          MRSPTU Central Library MRSPTU Central Library   549.00 3642517   658.401 SU-E 32683 08/17/2023 08/17/2023 Book

Website Designed and Developed by MRSPTU Central Library Team

E-mail Id: librarian@mrsptu.ac.in